00539nam a2200205 a 450000100060000000300090000600800410001502000150005604000280007108200150009910000210011424500440013525000060017926000510018530000110023649000320024765000240027965000150030365000150031811770CO-ViMGA141112s2004 ck r 000 u spa d a9586002640 aCO-ViMGAbspacCO-ViMGA04a659.1 B2791 aBarry, Ann Marie10aEl Portafolio creativo del Publicista  a1 aSantafé de Bogotá, cMcGraw - Hill, c1992 a136 p. aPortafolio de la Publicidad14aPROMOCION DE VENTAS14aPROPAGANDA14aPUBLICIDAD